000 00784 a2200217 4500
010 _aENG-85175
020 _c125.00
035 _aEN-68708
037 _bD.B.Act / Pub
082 1 4 _a332
090 _c1572
_d1572
100 1 _aAppannaiah, H. R.
245 1 _aFinancial services
_cby H. R. Appannaiah, P. N. Reddy and N. Mukund Sharma
260 _aDelhi
_bHimalaya Publishing House
_c2007
270 _aPooja Apartment, 4-B, Murari Lal Street, Ansari Road, Darya Ganj
_bNew Delhi
_e110 002
_k011-23270392,
_l011-23243030, 011-23256286
_mhimpub@vsnl.net.in
300 _a189p.
_b24 cm (Pbk.)
700 _aReddy, P. N.
700 _aSharma, N. Mukund
942 _adpl
_cEN
_k332 / APP
999 _c1546
_d1546